000 00299nam a2200121Ia 4500
008 150731s2014 xx 000 0 und d
082 _a615.538
_bA 14 K
100 _aKUNTE ANNA MORESHRAR
245 _aASHTAD HARDYAM
260 _bCHAUKHAMBHA PUB. NEW DELHI
_c2014
300 _a950
942 _2ddc
_cBK
999 _c7723
_d7723